000 01532nam2a22002411 4500
001 rc\3715531
005 20250610103107.0
021 _aRU
_b[71-8248]
035 _a(NLR Aleph) 007859687
090 _a7797491
_c7797491
100 _a20130115d1970 |||y0rusy50 ca
101 0 _arus
102 _aRU
105 _aa z |||||
200 0 _a[Вып. 1]
210 _d1970
_aБ. м.
215 _a101 с.
_cчерт.
461 0 _1001rc\3715530
_12001#$aТезисы докладов по романо-германской филологии$e[Вып. 1]-$fМ-во высш. и сред. спец. образ. УзССР. 28 науч. конференция профессорско-преподавательского состава фак. иностр. яз. СамГУ, февр. 1971 г.$v[Вып. 1]
_97797489
_aСамаркандский университет им. Алишера Навои. Научная конференция профессорско-преподавательского состава (28 ; 1971)
_cСамарканд
_d1970-
_fМ-во высш. и сред. спец. образ. УзССР. 28 науч. конференция профессорско-преподавательского состава фак. иностр. яз. СамГУ, февр. 1971 г.
_nБ. и.
_o[Вып. 1]-
_tТезисы докладов по романо-германской филологии
_v[Вып. 1]
801 0 _aRU
_bNLR
_gpsbo
801 1 _aRU
_bELAR
_2rusmarc
852 _aNLR
_j71-3/617
942 _cBOOK
980 _aNB